000 00601nam a22001937a 4500
999 _c14853
_d14853
003 AR-CdUCM
008 190424b ||||| |||| 00| 0 spa d
020 _a978-84-9825-161-6
040 _aMUNICIPALIDAD PROVINCIAL DEL CUSCO
_cBIBLIOTECA MUNICIPAL DEL CUSCO
041 _heng
082 _aPI / 376.1 /
_bC73
100 _aBaumont, Oliver
_933795
245 _aAntonio Vivaldi :
_bdescubrimos a los músicos /
260 _aBarcelona :
_bCombel,
_c2008.
300 _a11 páginas ;
_bIlustraciones
_c20 cm.
650 _aLiteratura infantil
_9588
942 _2ddc
_cLIBROS
945 _aacv
_d2019-04-24